000
00458nam a2200181Ia 4500
008
090123s9999 xx 000 0 und d
082
_b
5188
100
_a
कुलकर्णी रेखा
245
_a
बंधन
250
_a
1
260
_c
1978
300
_a
220
600
_a
कुलकर्णी रेखा
630
_a
बंधन
700
_a
कुलकर्णी रेखा
730
_a
बंधन
942
_c
BOOK
999
_c
43263
_d
43263